| Поле | Название | Значение |
| |
Тип записи |
a |
| |
Библиографический уровень |
m |
| 001 |
Контрольный номер |
7e87d31611c74b3b990622fcd7f885cf |
| 005 |
Дата корректировки |
20140624134757.3 |
| 010 |
Индекс ISBN |
__ |
| a |
ISBN |
5-8018-0238-Х |
| 200 |
Заглавие и сведения об ответственности |
1_ |
| a |
Заглавие |
Практические вопросы исчисления среднего заработка |
| f |
Первые сведения об ответственности |
Гейц, Игорь Викторович |
| 210 |
Выходные данные |
1_ |
| a |
Место издания |
М. |
| c |
Издательство |
ДИС |
| d |
Дата издания |
2004 |
| 215 |
Физическое описание |
__ |
| a |
Объем |
158 с. |
| 225 |
Серия |
2_ |
| a |
Серия |
Б-ка журн."Заработная плата.Расчеты.Учет.налоги";вып 5 |
| 300 |
Общие примечания |
__ |
| a |
Общие примечания |
2экз. |
| 610 |
Ключевые слова |
0_ |
| a |
Ключевые слова |
средний заработок |
| 610 |
Ключевые слова |
0_ |
| a |
Ключевые слова |
исчисление среднего заработка |
| 610 |
Ключевые слова |
0_ |
| a |
Ключевые слова |
заработная плата |
| 610 |
Ключевые слова |
0_ |
| a |
Ключевые слова |
денежная компенсация |
| 686 |
Индексы других классификаций |
__ |
| a |
Классификационный индекс |
65.9(2)245 |
| 2 |
Код системы |
rubbk |
| 686 |
Индексы других классификаций |
__ |
| a |
Классификационный индекс |
65.052.9(2)2 |
| 2 |
Код системы |
rubbk |
| 700 |
Автор |
_1 |
| a |
Фамилия |
Гейц, Игорь Викторович |
| 801 |
Источник записи |
_0 |
| a |
Страна |
RU |
| b |
Организация |
РУК |
| c |
Дата составления |
20050621 |
| g |
Правила каталогизации |
PSBO |
| 801 |
Источник записи |
_1 |
| a |
Страна |
RU |
| b |
Организация |
РУК |
| c |
Дата составления |
20050621 |
| g |
Правила каталогизации |
PSBO |
| 852 |
Данные о местонахождении |
__ |
| i |
Авторский знак |
Г 29 |
| j |
Шифр хранения |
ББК 65.9(2)24 |
| 901 |
Тип документа |
__ |
| t |
Тип документа |
m |
| 938 |
Служебная информация |
__ |
| a |
Название организации |
Головной вуз |
| b |
Имя БД |
BOOK |
| c |
Название АИБС |
АИБС ИРБИС |